Normal view
MARC view
Entry Nome pessoal
001 - NÚMERO DE CONTROLE
- campo de controle: 29
003 - IDENTIFICADOR DO NÚMERO DE CONTROLE
- campo de controle: OSt
005 - DATA E HORÁRIO DA ÚLTIMA TRANSAÇÃO
- campo de controle: 20250120105722.0
008 - CAMPO DE DADOS FIXOS
- campo de controle de tamanho fixo: 250120|| aca||aabn | a|a d
040 ## - FONTE DA CATALOGAÇÃO
- Instituição da catalogação original: OSt
100 ## - CABEÇALHO--NOME PESSOAL
- Nome pessoal: Allende, Isabel
- Datas associadas ao nome: 1942-
670 ## - FONTE POSITIVA DOS DADOS
- Citação da fonte positiva dos dados: Autora de A Casa dos Espíritos, 1982
- Dados encontrados na fonte localizada no subcampo: Isabel Allende nasceu em 2 de agosto de 1942, em Lima, no Peru, onde o seu pai diplomata se encontrava em trabalho. No entanto, a sua nacionalidade é chilena, tendo-se tornado cidadã norte-americana em 2003.[1] É filha de Tomás Allende, funcionário diplomático e primo-irmão de Salvador Allende, e de Francisca Llona. Isabel é considerada uma das principais revelações da literatura latino-americana da década de 1980. Sua obra é marcada pela ditadura no Chile, implantada com o golpe militar que em 1973 derrubou o governo do primo de seu pai, o presidente Salvador Allende (1908-1973). O seu livro mais editado foi A Casa dos Espíritos (1982) (La casa de los espíritus),[2] que ganhou reconhecimento de público e crítica. A obra resultou num filme A Casa dos Espíritos (1993), realizado por Bille August, com Jeremy Irons, Meryl Streep, Winona Ryder e Antonio Banderas, tendo grande parte das rodagens decorrido em Lisboa e no Alentejo, em Portugal.[1] Em 1995 lançou o livro Paula, que escreveu para a sua filha que estava em coma devido a um ataque de porfiria. Como a autora não sabia se a sua memória voltaria após a saída do coma, Isabel Allende resolveu contar a sua história para auxiliar a filha a lembrar dos fatos. Paula passou a ser então um retrato autobiográfico.